<?xml version="1.0" encoding="UTF-8"?>
<record
    xmlns:xsi="http://www.w3.org/2001/XMLSchema-instance"
    xsi:schemaLocation="http://www.loc.gov/MARC21/slim http://www.loc.gov/standards/marcxml/schema/MARC21slim.xsd"
    xmlns="http://www.loc.gov/MARC21/slim">

  <leader>00852nam a2200229 i 4500</leader>
  <controlfield tag="001">182673</controlfield>
  <controlfield tag="003">ES-MaACL</controlfield>
  <controlfield tag="005">20250902225551.0</controlfield>
  <controlfield tag="008">131009s2012    sp     | |||||||| | spa d</controlfield>
  <datafield tag="020" ind1=" " ind2=" ">
    <subfield code="a">978-84-92705-19-1</subfield>
  </datafield>
  <datafield tag="080" ind1=" " ind2=" ">
    <subfield code="a">821.134.2(87)-4"19"</subfield>
  </datafield>
  <datafield tag="100" ind1="0" ind2=" ">
    <subfield code="a">Montejo, Eugenio.</subfield>
    <subfield code="9">82440</subfield>
  </datafield>
  <datafield tag="245" ind1="1" ind2="3">
    <subfield code="a">El taller blanco y otros ensayos / </subfield>
    <subfield code="c">Eugenio Montejo.</subfield>
  </datafield>
  <datafield tag="260" ind1=" " ind2=" ">
    <subfield code="a">Sevilla : </subfield>
    <subfield code="b">Sibila : </subfield>
    <subfield code="b">Fundaci&#xF3;n BBVA, </subfield>
    <subfield code="c">imp. 2012.</subfield>
  </datafield>
  <datafield tag="300" ind1=" " ind2=" ">
    <subfield code="a">214 p. ; </subfield>
    <subfield code="c">21 cm.</subfield>
  </datafield>
  <datafield tag="490" ind1="1" ind2=" ">
    <subfield code="a">Biblioteca Sibila-Fundaci&#xF3;n BBVA de poes&#xED;a en espa&#xF1;ol ; </subfield>
    <subfield code="v">30. Ensayo</subfield>
  </datafield>
  <datafield tag="830" ind1="0" ind2=" ">
    <subfield code="a">Biblioteca Sibila-Fundaci&#xF3;n BBVA de poes&#xED;a en espa&#xF1;ol ; </subfield>
    <subfield code="v">30. Ensayo</subfield>
    <subfield code="9">191809</subfield>
  </datafield>
  <datafield tag="852" ind1=" " ind2=" ">
    <subfield code="a">ES-MaACL</subfield>
    <subfield code="j">A-12837</subfield>
    <subfield code="9">189590</subfield>
    <subfield code="b">R.149051</subfield>
    <subfield code="c">DEPO1</subfield>
    <subfield code="d">Olim: N-5837</subfield>
    <subfield code="x">Donaci&#xF3;n: Fundaci&#xF3;n BBVA</subfield>
  </datafield>
  <datafield tag="914" ind1=" " ind2=" ">
    <subfield code="a">Fundaci&#xF3;n BBVA</subfield>
    <subfield code="e">dnr</subfield>
    <subfield code="9">4230</subfield>
  </datafield>
  <datafield tag="942" ind1=" " ind2=" ">
    <subfield code="2">udc</subfield>
    <subfield code="c">MONOGRAFIA</subfield>
  </datafield>
  <datafield tag="999" ind1=" " ind2=" ">
    <subfield code="c">182673</subfield>
    <subfield code="d">182673</subfield>
  </datafield>
  <datafield tag="952" ind1=" " ind2=" ">
    <subfield code="0">0</subfield>
    <subfield code="1">0</subfield>
    <subfield code="2">udc</subfield>
    <subfield code="4">0</subfield>
    <subfield code="7">0</subfield>
    <subfield code="a">ATENEOM</subfield>
    <subfield code="b">ATENEOM</subfield>
    <subfield code="c">DEPO1</subfield>
    <subfield code="d">2013-10-09</subfield>
    <subfield code="e">DONACION</subfield>
    <subfield code="l">0</subfield>
    <subfield code="o">A-12837</subfield>
    <subfield code="p">1191975</subfield>
    <subfield code="r">2023-02-23 00:00:00</subfield>
    <subfield code="w">2023-02-23</subfield>
    <subfield code="y">MONOGRAFIA</subfield>
  </datafield>
</record>
